Statistics for Countries Never Visited by a Sitting U.S. President

Click here to take the quiz!

General Stats

  • This quiz has been taken 798 times
    (152 since last reset)
  • The average score is 53 of 83

Answer Stats

Answer% Correct
South Sudan
80%
Fiji
77%
Nauru
76%
Chad
75%
Vanuatu
75%
Democratic Republic of the Congo
74%
Lesotho
74%
Tonga
74%
Tuvalu
74%
Solomon Islands
73%
Kiribati
72%
Samoa
72%
Tajikistan
72%
Yemen
72%
Angola
71%
Azerbaijan
71%
Eritrea
71%
Kyrgyzstan
71%
Mali
71%
Palau
71%
Sudan
71%
Armenia
70%
Togo
70%
Turkmenistan
70%
Marshall Islands
69%
Mauritania
69%
Algeria
68%
Djibouti
68%
Eswatini
68%
FS Micronesia
68%
Mauritius
68%
Seychelles
68%
Andorra
67%
Burundi
67%
Comoros
67%
Kazakhstan
67%
Madagascar
67%
Niger
67%
Uzbekistan
67%
Zimbabwe
67%
Liechtenstein
66%
Antigua and Barbuda
65%
Cape Verde
65%
Central African Republic
65%
Gambia
65%
Republic of the Congo
65%
Dominica
64%
Malawi
64%
Maldives
64%
Mozambique
64%
São Tomé and Príncipe
64%
St Lucia
64%
Zambia
64%
Guinea
63%
San Marino
63%
East Timor
62%
St Kitts and Nevis
62%
Bhutan
61%
Dominican Republic
61%
Libya
61%
St Vincent and the Grenadines
61%
Equatorial Guinea
60%
Guinea Bissau
60%
Namibia
59%
Papua New Guinea
59%
Belize
58%
Sierra Leone
58%
Cameroon
57%
Monaco
57%
Nepal
57%
Burkina Faso
53%
Guyana
53%
Sri Lanka
53%
Gabon
52%
Moldova
52%
Ivory Coast
50%
Luxembourg
49%
Bahamas
48%
Paraguay
46%
Cyprus
43%
Montenegro
42%
Lebanon
39%
Bolivia
37%

Score Distribution

Percentile by Number Answered

Percent of People with Each Score

Your Score History

You have not taken this quiz since the last reset